000 00596nam a22002530a 4500
001 PT34676
003 AR-LpoUNG
005 20210131230210.0
008 191001s2006||||sp |||||||||||||||||spa d
020 _a8434861909
_c$11.25
040 _aAR-LpoUNG
_bspa
_cAR-LpoUNG
_eaacr
041 _aspa
044 _asp
082 0 _a808.068 3 445coc
100 1 _aVelthuijs, Max
245 1 3 _aEl cocodrilo pintor
250 _a11va. ed.
260 _aMadrid :
_bSM,
_c2006.
300 _a30 p. :
_bil.
650 4 _aCUENTOS
653 _aLITERATURA INFANTIL
905 _a34676
942 _cLIB
999 _c2061
_d2061